BUBT Library Online Catalog

IELTS How to Prepare for (Record no. 131)

000 -LEADER
fixed length control field 00325nam a22001217a 4500
008 - FIXED-LENGTH DATA ELEMENTS--GENERAL INFORMATION
fixed length control field 140202b xxu||||| |||| 00| 0 eng d
100 ## - MAIN ENTRY--PERSONAL NAME
9 (RLIN) 185
Personal name Witt, Ray De
245 ## - TITLE STATEMENT
Title IELTS How to Prepare for
Statement of responsibility, etc. / Ray De Witt
260 ## - PUBLICATION, DISTRIBUTION, ETC. (IMPRINT)
Name of publisher, distributor, etc. British Council,
Date of publication, distribution, etc. c2003.
300 ## - PHYSICAL DESCRIPTION
Extent 100p
650 #0 - SUBJECT ADDED ENTRY--TOPICAL TERM
9 (RLIN) 56
Topical term or geographic name as entry element English
General subdivision Grammar study
942 ## - ADDED ENTRY ELEMENTS (KOHA)
Source of classification or shelving scheme
Koha item type Books
Holdings
Withdrawn status Lost status Source of classification or shelving scheme Damaged status Not for loan Collection code Permanent location Current location Date acquired Inventory number Total Checkouts Date last seen Copy number Price effective from
          Non-fiction Bangladesh University of Business and Technology Library Bangladesh University of Business and Technology Library 02/02/2014 364   02/02/2014 1 02/02/2014

More Information About Library

Library Hours

  • Open: 9.00 am. to 9.00 pm.
  • Only Sunday: 9.00 am. to 6.00 pm.
  • Closed: Holiday

Contact to the University

Bangladesh University of Business and Technology Library

  • Mirpurl-2, 1216.
  • Phone:
  • Fax:
  • E-Mail: admin.library@bubt.edu.bd

Contact to the Library

Contact Person:

Md. Abdul Hakim Shah
Joint Librarian
PABX No:  113
Cell No: 01816332931
E-mail: official: admin.library@bubt.edu.bd
Personal: hakim.shah@bubt.edu.bd


BUBT Library

Copyright © 2021